000 00484nam a2200133Ia 4500
001 814
008 241024s9999 xx 000 0 und d
082 _aRD/375/R426d/1999
100 _aRepública Dominicana.Secretaría de Estado de Educación
245 0 _aDesarrollo curricular para la educación de personas jóvenes y adultos aportes para el debate y la reflexión.
260 _bDirección General de Educación de Adultos
_c1999
901 _a3/12/2010 9:58:01 a.m.
999 _c8414
_d8414